The Trans-Pacific Partnership : a quest for a twenty-first century trade agreement /

"The Trans-Pacific Partnership (TPP) talks attempt to link together at least nine countries in three continents to create a 'high-quality, twenty-first century agreement'. Such an agreement is intended to open markets to competition between the partners more than ever before in sector...

Full description

Bibliographic Details
Corporate Author: ebrary, Inc
Other Authors: Lim, C. L. (Chin L.), Elms, Deborah Kay, Low, Patrick, 1949-
Format: eBook
Language:English
Published: Cambridge ; New York : Cambridge University Press, [2012]
Subjects:
Online Access:Connect to the full text of this electronic book

MARC

Tag First Indicator Second Indicator Subfields
LEADER 00000cam a2200000Ia 4500
001 in00002786440
006 m o d
007 cr cnu---unuuu
008 121114s2012 enka ob 001 0 eng d
005 20250816204556.4
020 |a 9781139550109 (electronic bk.) 
020 |a 1139550101 (electronic bk.) 
020 |a 9781139236775 (electronic bk.) 
020 |a 1139236776 (electronic bk.) 
020 |a 9781139552615 (electronic bk.) 
020 |a 1139552619 (electronic bk.) 
020 |z 9781107028661 (hbk.) 
020 |z 1107028663 (hbk.) 
020 |z 9781107612426 (pbk.) 
020 |z 110761242X (pbk.) 
035 |a (OCoLC)ocn812917843 
035 |a (NhCcYBP)ebr10608473 
035 |a (OCoLC)812917843 
040 |a N$T  |c N$T  |d YDXCP  |d CAMBR  |d E7B  |d WAU  |d TXA  |d UtOrBLW 
043 |a p------ 
049 |a TXAM 
050 4 |a KVC947.A42005  |b T73 2012eb 
072 7 |a BUS  |x 026000  |2 bisacsh 
072 7 |a BUS  |x 035000  |2 bisacsh 
072 7 |a BUS  |x 043030  |2 bisacsh 
072 7 |a POL  |x 011020  |2 bisacsh 
082 0 4 |a 382/.911823  |2 23 
245 0 4 |a The Trans-Pacific Partnership :  |b a quest for a twenty-first century trade agreement /  |c edited by C.L. Lim, Deborah Kay Elms, Patrick Low. 
264 1 |a Cambridge ;  |a New York :  |b Cambridge University Press,  |c [2012] 
264 4 |c ©2012 
300 |a 1 online resource (xvii, 337 pages) :  |b illustrations 
336 |a text  |b txt  |2 rdacontent 
337 |a computer  |b c  |2 rdamedia 
338 |a online resource  |b cr  |2 rdacarrier 
500 |a Description based on print version record. 
504 |a Includes bibliographical references and index. 
505 0 |a What is "high quality 21st century" anyway? / C.L. Lim, Deborah Elms, and Patrick Low -- An overview and snapshot of the TPP negotiations / Deborah Elms and C.L. Lim -- US PTAS: what's been done and what it means for the TPP negotiations / Jeffrey J. Schott and Julia Muir -- From the P4 to the TPP: transplantation or transformation? / Henry Gao -- Incorporating development among diverse members / Joel Trachtman -- Negotiations over market access in goods / Deborah Elms -- Trans-Pacific Partnership (TPP) negotiations: rules of origin / Margaret Liang -- Trade in services / Stuart Harbinson and Aik Hoe Lim -- Trans-Pacific Partnership Agreement towards innovations in investment rule-making / Julien Chaisse -- The intellectual property chapter in the Trans-Pacific Partnership / Susy Frankel -- Regulatory coherence in the Trans-Pacific Partnership talks / Thomas J. Bollyky -- Environmental issues in the Trans-Pacific Partnership / Jeffrey J. Schott and Julia Muir -- Labour standards and the TPP / Kimberly Ann Elliott -- What is to be done with export restrictions? / C.L. Lim -- Achieving a free trade agreement of the Asia-Pacific: does the TPP present the most attractive path? / Meredith Kolsky Lewis -- APEC and TPP: are they mutually reinforcing? / Carlos Kuriyama -- Coping with multiple uncertainties: Latin America in the TPP negotiations / Sebastian Herreros -- The TPP: multilateralizing regionalism or the securization of trade policy? / Ann Capling and John Ravenhill -- The TPP in a multilateral world / Patrick Low -- Conclusions / C.L. Lim, Deborah Elms and Patrick Low. 
520 |a "The Trans-Pacific Partnership (TPP) talks attempt to link together at least nine countries in three continents to create a 'high-quality, twenty-first century agreement'. Such an agreement is intended to open markets to competition between the partners more than ever before in sectors ranging from goods and services to investment, and includes rigorous rules in the fields of intellectual property, labour protection and environmental conservation. The TPP also aims to improve regulatory coherence, enhance production supply chains and help boost small and medium-sized enterprises. It could transform relations with regions such as Latin America, paving the way to an eventual Free Trade Area of the Asia Pacific, or see innovations translated into the global trade regulatory system operating under the WTO. However, given the tensions between strategic and economic concerns, the final deal could still collapse into something closer to a standard, 'twentieth-century' trade agreement"--Provided by publisher. 
588 |a Description based on print version record. 
500 |a Electronic resource. 
630 0 0 |a Trans-Pacific Strategic Economic Partnership Agreement  |d (2005 June 3) 
650 0 |a Foreign trade regulation  |z Pacific Area. 
650 0 |a Tariff  |x Law and legislation  |z Pacific Area. 
650 0 |a Free trade  |z Pacific Area. 
651 0 |a Pacific Area  |x Commercial treaties. 
650 7 |a BUSINESS & ECONOMICS / Exports & Imports.  |2 bisacsh 
650 7 |a BUSINESS & ECONOMICS / International / General.  |2 bisacsh 
650 7 |a BUSINESS & ECONOMICS / International / Marketing.  |2 bisacsh 
650 7 |a POLITICAL SCIENCE / International Relations / Trade & Tariffs.  |2 bisacsh 
655 7 |a Electronic books.  |2 local 
700 1 |a Lim, C. L.  |q (Chin L.) 
700 1 |a Elms, Deborah Kay. 
700 1 |a Low, Patrick,  |d 1949- 
710 2 |a ebrary, Inc. 
776 0 8 |i Print version:  |t Trans-Pacific Partnership Trade Agreement.  |d Cambridge ; New York : Cambridge University Press, c2012  |z 9781107028661  |w (DLC) 2012019848  |w (OCoLC)794037227 
856 4 0 |u https://ebookcentral.proquest.com/lib/tamucs/detail.action?docID=989078  |y Connect to the full text of this electronic book  |t 0 
948 |a cataloged  |b h  |c 2013/7/18  |d c  |e jlanham  |f 10:53:21 am 
994 |a C0  |b TXA 
999 f f |s 57e71a49-fd51-3364-a7a0-f642b05eed87  |i 852e9ace-fd49-3ce3-b3fa-19435bee6372  |t 0 
999 |a MARS 
952 f f |a Texas A&M University  |b College Station  |c Electronic Resources  |d Available Online  |t 0  |e KVC947.A42005 T73 2012eb  |h Library of Congress classification 
998 f f |a KVC947.A42005 T73 2012eb  |t 0  |l Available Online